Most Republican and Democrat US States in the 1856 Election - Statistics

General Stats
  • This quiz has been taken 105 times
  • The average score is 8 of 10
Answer Stats
Answer % Correct
Republican (John C. Fremont) 61.34 Maine
92%
Democrat (James Buchanan) 66.59 Texas
92%
Republican (John C. Fremont) 77.96% Vermont
89%
Democrat (James Buchanan) 62.08 Alabama
85%
Democrat (James Buchanan) 59.96 Virginia
84%
Republican (John C. Fremont) 63.61 Massachusetts
80%
Democrat (James Buchanan) 59.44 Mississippi
78%
Republican (John C. Fremont) 57.85 Rhode Island
78%
Democrat (James Buchanan) 67.12% Arkansas
77%
Republican (John C. Fremont) 57.15 Michigan
66%
No matching quizzes found
Score Distribution
Percent of People with Each Score
Percentile by Number Answered
Your Score History
You have not taken this quiz